000 00370nam a2200133Ia 4500
008 210210b1976 xxu||||| |||| 00| 0 eng d
082 _a410 GLEI
100 _aGLEASON (H A).
245 _aIntroduction to descriptive linguistics. Rev Ed.
260 _aNew Delhi.
_bOxford & IBH Publishing Co.,
_c1976
300 _aviii,503
690 _aLinguistics
906 _aSG00974
999 _c112434
_d112434